000 01233nam a2200301Ia 4500
001 ebr10137887
003 CaPaEBR
006 m u
007 cr cn|||||||||
008 021024s2006 stk sb 001 0 eng d
020 _z0748626588
040 _aCaPaEBR
_cCaPaEBR
035 _a(OCoLC)647543209
050 1 4 _aP40.8
_b.F47 2006eb
100 1 _aFerguson, Gibson R.
245 1 0 _aLanguage planning in education
_h[electronic resource] :
_ban analysis of theory and practice /
_cGibson R. Ferguson.
260 _aEdinburgh :
_bEdinburgh University Press,
_c2006.
300 _axi, 243 p.
502 _aThesis (doctoral)--University of Edinburgh, 1988.
504 _aIncludes bibliographical references and index.
533 _aElectronic reproduction.
_bPalo Alto, Calif. :
_cebrary,
_d2009.
_nAvailable via World Wide Web.
_nAccess may be limited to ebrary affiliated libraries.
650 0 _aLanguage and education
_zTanzania.
650 0 _aLanguage planning
_zTanzania.
655 7 _aElectronic books.
_2local
710 2 _aUniversity of Edinburgh.
710 2 _aebrary, Inc.
856 4 0 _uhttp://site.ebrary.com/lib/rucke/Doc?id=10137887
_zAn electronic book accessible through the World Wide Web; click to view
999 _c83004
_d83004